Score 0/32 Timer 06:00
12 Plays Today
% Correct
Minnie Mouse
99.1%
Snow White
98.1%
Winnie the Pooh
98%
Buzz Lightyear
97.8%
Pluto
97%
Tinker Bell
96.8%
Beast and Belle
95.3%
Chip & Dale
92.7%
Mary Poppins & Bert
91.3%
White Rabbit (and Queen of Hearts)
81.8%
Jack Skellington
75.6%
Scrooge McDuck
74%
Roger Rabbit
73.7%
Princess Merida
70.4%
Rafiki
69.6%
Phineas & Ferb
66.7%
% Correct
Big Bad Wolf
60.6%
Mushu
54.9%
Carl Fredricksen & Russell
52.9%
Prince John
50.7%
Lots-o-Huggin' Bear
50.6%
Lady Tremaine
48.3%
Flora, Fauna & Merryweather
44.2%
Kristoff
43.4%
Handy Manny
33.4%
Clarabelle Cow
30.4%
Br'er Bear, Br'er Fox & Br'er Rabbit
30.1%
Kenai & Koda
27.5%
George Sanderson, James P. 'Sulley' Sullivan, and Roz
21.7%
Bowler Hat Guy
17%
Panchito Pistoles & José Carioca
12.9%
Professor Ludwig Von Drake
8.5%
Remove Ads.
Support Sporcle.
Get the best of Sporcle when you Go Orange. This ad-free experience offers more features, more stats, and more fun while also helping to support Sporcle. Thank you for becoming a member.

You're not logged in!

Compare scores with friends on all Sporcle quizzes.
OR
Log In

Sporcle TV

Today on Sporcle TV


Watch our educational content, quiz creation guides, and fun videos on Sporcle TV.

Show Comments

Extras

Top Quizzes Today


Score Distribution

Paid Content

Your Account Isn't Verified!

In order to create a playlist on Sporcle, you need to verify the email address you used during registration. Go to your Sporcle Settings to finish the process.

Report this User

Report this user for behavior that violates our Community Guidelines.

Details: